Reglamento del Monte-pío Pogreso Industrial
Descripción Física:
32 p. ; 16 cm
Otros Autores:
Monte-pío Progreso Industrial
MARC
| LEADER | 00000nam a2200000Ia 4500 | ||
|---|---|---|---|
| 001 | 21462 | ||
| 008 | 160829s1918 xx 000 0 cat d | ||
| 080 | |a 4362, exp. 72 | ||
| 245 | |a Reglamento del Monte-pío Pogreso Industrial | ||
| 260 | |a Barcelona : |b Imp. M. Mirabet, |c 1918 | ||
| 300 | |a 32 p. ; |c 16 cm | ||
| 650 | 0 | |a Mutualitats |9 55572 |z Catalunya |x Estatuts | |
| 650 | |a Monte-pío Progreso Industrial |x Reglaments i procediment |9 48362 | ||
| 700 | |a Monte-pío Progreso Industrial |9 48363 | ||
| 901 | |a Arxiu | ||
| 942 | |n 1 |2 udc | ||
| 952 | |0 0 |1 0 |4 0 |6 4362_EXP_72 |7 1 |9 54494 |a Arxiu |b Arxiu |d 2016-12-01 |l 0 |o 4362, exp. 72 |p 21462 |r 2016-12-01 00:00:00 |w 2016-12-01 |y ARXIU | ||
| 999 | |c 58363 |d 58363 | ||